000 00858cam a22002655a 4500
001 016508608
003 OSt
005 20161127115014.0
008 130912t2014 nyua frb 001 0 eng d
020 _a9781604069037 (hbk.) :
_c£90.99
040 _aStDuBDS
_beng
_cStDuBDS
_dEG-ScBUE
082 0 4 _a617.88220592
_222
_bCOC
245 0 0 _aCochlear implants /
_cedited by Susan B. Waltzman, J. Thomas Roland.
250 _a3rd ed.
260 _aNew York :
_bThieme,
_cc.2014.
300 _axii, 256 p. :
_bill. ;
_c28 cm.
504 _aIncludes bibliographical references and index.
650 7 _aCochlear implants.
_2BUEsh
650 7 _aHearing disorders.
_2BUEsh
651 _2BUEsh
653 _bDDent
_cNovember2016
700 1 _aWaltzman, Susan B.,
_eeditor of compilation.
700 1 _aRoland, J. Thomas,
_cJr.,
_eeditor of compilation.
942 _2ddc
999 _c23346
_d23318